|
|
|
|
| LEADER |
00000nlm0a2200000 4500 |
| 001 |
187832 |
| 005 |
20231101224107.0 |
| 035 |
|
|
|a (RuTPU)RU\TPU\book\203819
|
| 090 |
|
|
|a 187832
|
| 100 |
|
|
|a 20101122d2010 k y0rusy50 ca
|
| 101 |
0 |
|
|a rus
|
| 102 |
|
|
|a RU
|
| 105 |
|
|
|a a dm 001zy
|
| 135 |
|
|
|a drbn ---uucaa
|
| 181 |
|
0 |
|a i
|
| 182 |
|
0 |
|a b
|
| 200 |
1 |
|
|a Совершенствование теоретических основ и методики геотемпературных исследований при мониторинге геологической среды (на примере полигона захоронения отходов Сибирского химического комбината)
|b Электронный ресурс
|e автореферат диссертации на соискание ученой степени кандидата геолого-минералогических наук
|e спец. 25.00.10
|f Т. Ю. Заведий
|g Национальный исследовательский Томский политехнический университет (ТПУ) ; науч. рук. Л. Я. Ерофеев
|
| 203 |
|
|
|a Текст
|c электронный
|
| 210 |
|
|
|a Томск
|d 2010
|
| 215 |
|
|
|a 1 файл (665 Kb)
|
| 230 |
|
|
|a Электронные текстовые данные (1 файл : 665 Kb)
|
| 300 |
|
|
|a Заглавие с титульного экрана
|
| 300 |
|
|
|a Электронная версия печатной публикации
|
| 337 |
|
|
|a Adobe Reader
|
| 452 |
|
1 |
|0 (RuTPU)RU\TPU\book\206537
|t Совершенствование теоретических основ и методики геотемпературных исследований при мониторинге геологической среды (на примере полигона захоронения отходов Сибирского химического комбината)
|o автореферат диссертации на соискание ученой степени кандидата геолого-минералогических наук
|o спец. 25.00.10
|f Т. Ю. Заведий
|g Национальный исследовательский Томский политехнический университет (ТПУ) ; науч. рук. Л. Я. Ерофеев
|c Томск
|n Изд-во ТПУ
|d 2010
|p 22 с.
|a Заведий, Тарас Юрьевич
|
| 606 |
1 |
|
|a Горные породы, осадочные
|x Физико-механические свойства
|x Исследование
|2 stltpush
|3 (RuTPU)RU\TPU\subj\8161
|9 35640
|
| 606 |
1 |
|
|a Радиоактивные отходы жидкие
|x Захоронение подземное
|2 stltpush
|3 (RuTPU)RU\TPU\subj\22427
|9 47186
|
| 610 |
1 |
|
|a авторефераты диссертаций
|
| 610 |
1 |
|
|a электронный ресурс
|
| 610 |
1 |
|
|a полигоны захоронения
|
| 610 |
1 |
|
|a Западная Сибирь
|
| 610 |
1 |
|
|a геологическая среда
|
| 610 |
1 |
|
|a геотемпературные исследования
|
| 610 |
1 |
|
|a горные породы
|
| 610 |
1 |
|
|a петрофизические исследования
|
| 610 |
1 |
|
|a геотермические характеристики
|
| 610 |
1 |
|
|a осадочный разрез
|
| 610 |
1 |
|
|a искажающие факторы
|
| 610 |
1 |
|
|a геотемпературное поле
|
| 610 |
1 |
|
|a влияние
|
| 610 |
1 |
|
|a самораспадающиеся тепловыделяющие компоненты
|
| 610 |
1 |
|
|a аномальные температурные поля
|
| 610 |
1 |
|
|a воздействие
|
| 610 |
1 |
|
|a расчет
|
| 610 |
1 |
|
|a геофизика
|
| 610 |
1 |
|
|a геофизические методы
|
| 610 |
1 |
|
|a полезные ископаемые
|
| 610 |
1 |
|
|a мониторинг
|
| 675 |
|
|
|a 552.5.08(04)
|v 3
|
| 675 |
|
|
|a 628.39(04)
|v 3
|
| 686 |
|
|
|a 25.00.10
|2 oksvnk
|
| 700 |
|
1 |
|a Заведий
|b Т. Ю.
|g Тарас Юрьевич
|
| 702 |
|
1 |
|a Ерофеев
|b Л. Я.
|c геолог, геофизик
|c профессор Томского политехнического университета, доктор геолого-минералогических наук
|f 1935-
|g Леонид Яковлевич
|2 stltpush
|3 (RuTPU)RU\TPU\pers\15850
|4 727
|
| 712 |
0 |
2 |
|a Национальный исследовательский Томский политехнический университет (ТПУ)
|c (2009- )
|2 stltpush
|3 (RuTPU)RU\TPU\col\15902
|
| 801 |
|
2 |
|a RU
|b 63413507
|c 20150525
|g RCR
|
| 856 |
4 |
|
|u http://www.lib.tpu.ru/fulltext/a/2010/69.pdf
|
| 942 |
|
|
|c CF
|